00509nam a2200157Ia 450000500170000000800460001703700120006304000200007504100130009508400210010810000200012924501290014926000440027830000090032265000200033120250508151820.0008 250505s9999 xx 000 0 eng d aTextual aFEDLbengcFEDL aeng2eng a021.7, RANqFEDL aRanganathan S R 0aLibrary development plan: Thirty- year programme for India with draft library bills for the Union and the constituent states aDelhi, IndiabUniversity of Delhic1950 a462p aLibrary science